[Event "Donau op 03rd"]
[Site "Aschach"]
[Date "1994.??.??"]
[Round "?"]
[White "Adam, Fabrice"]
[Black "Hellmayr, Alois"]
[Result "0-1"]
[WhiteElo "1720"]
[BlackElo "2300"]
[PlyCount "110"]
[EventDate "1994.12.??"]
[EventType "swiss"]
[EventRounds "7"]
[EventCountry "AUT"]
[SourceTitle "EXT 1997"]
[Source "ChessBase"]
[SourceDate "1996.11.15"]
[SourceVersion "1"]
[SourceVersionDate "1996.11.15"]
[SourceQuality "1"]

1. e4 c5 2. Nf3 e6 3. c3 d5 4. exd5 Qxd5 5. Bb5+ Bd7 6. Bxd7+ Nxd7 7. 0-0 Ngf6 8. d4 Bd6 9. dxc5 Qxc5 10. Be3 Qc7 11. h3 0-0 12. Qd3 Rfd8 13. Nbd2 Nc5 14. Qc2 b5 15. Bg5 Be7 16. Rad1 Rd7 17. Rfe1 h6 18. Bh4 Rad8 19. Bg3 Qb7 20. Ne5 Rd5 21. a3 a5 22. b4 axb4 23. cxb4 Nd3 24. Nxd3 Rxd3 25. Nb3 R3d5 26. Na5 Qd7 27. Rxd5 Nxd5 28. Nc6 Rc8 29. Nxe7+ Nxe7 30. Qb2 Nd5 31. Be5 f6 32. Bd4 Nf4 33. Be3 Nd5 34. Rd1 Rc4 35. Qb3 Qc6 36. Qd3 Qe8 37. Rc1 Rxc1+ 38. Bxc1 Qc6 39. Be3 Kf7 40. Qd2 Qc4 41. Qc1 Qxc1+ 42. Bxc1 e5 43. f3 f5 44. Kf2 Ke6 45. g3 Nb6 46. g4 f4 47. Ke2 Kd5 48. Kd3 Nc4 49. Kc3 g6 50. Kd3 g5 51. Kc3 e4 52. a4 exf3 53. Kd3 bxa4 54. h4 a3 55. hxg5 a2 0-1